| 000 | 01374nam a2200349Ia 4500 | ||
|---|---|---|---|
| 001 | ebr10255173 | ||
| 003 | CaPaEBR | ||
| 006 | m u | ||
| 007 | cr cn||||||||| | ||
| 008 | 080215s2008 mauab sb 001 0 eng d | ||
| 010 | _z 2008007300 | ||
| 020 | _z9780262151207 (hardcover : alk. paper) | ||
| 020 | _z0262151200 (hardcover : alk. paper) | ||
| 040 |
_aCaPaEBR _cCaPaEBR |
||
| 035 | _a(OCoLC)646768080 | ||
| 050 | 1 | 4 |
_aQ182.7 _b.S36 2008eb |
| 245 | 0 | 0 |
_aScientific collaboration on the Internet _h[electronic resource] / _cedited by Gary M. Olson, Ann Zimmerman, and Nathan Bos. |
| 260 |
_aCambridge, MA : _bMIT Press, _cc2008. |
||
| 300 |
_axii, 406 p. : _bill., maps. |
||
| 490 | 1 | _aActing with technology | |
| 504 | _aIncludes bibliographical references and index. | ||
| 533 |
_aElectronic reproduction. _bPalo Alto, Calif. : _cebrary, _d2011. _nAvailable via World Wide Web. _nAccess may be limited to ebrary affiliated libraries. |
||
| 650 | 0 |
_aScience _xComputer network resources. |
|
| 650 | 0 | _aInternet. | |
| 655 | 7 |
_aElectronic books. _2local |
|
| 700 | 1 | _aOlson, Gary M. | |
| 700 | 1 |
_aZimmerman, Ann, _d1962- |
|
| 700 | 1 | _aBos, Nathan. | |
| 710 | 2 | _aebrary, Inc. | |
| 830 | 0 | _aActing with technology. | |
| 856 | 4 | 0 |
_uhttp://site.ebrary.com/lib/rucke/Doc?id=10255173 _zAn electronic book accessible through the World Wide Web; click to view |
| 999 |
_c14815 _d14815 |
||